[Event "ROM-ch U10"]
[Site "Eforie Nord"]
[Date "2022.04.14"]
[Round "5"]
[White "Mihaila, Cezar Stefan"]
[Black "Butuza, Stefan Aurelian"]
[Result "0-1"]
[WhiteElo "1069"]
[BlackElo "1434"]
[PlyCount "72"]
[EventDate "2022.04.11"]
[EventType "swiss"]
[EventRounds "9"]
[EventCountry "ROU"]
[SourceTitle "EXT 2023"]
[Source "ChessBase"]
[SourceDate "2022.10.05"]
[SourceVersion "1"]
[SourceVersionDate "2022.10.05"]
[SourceQuality "1"]

1. Nf3 d5 2. d4 e6 3. c4 c5 4. cxd5 exd5 5. Nc3 Nf6 6. Bg5 Be6 7. Bxf6 Qxf6 8. dxc5 Bxc5 9. Nxd5 Bxd5 10. Qxd5 Qxb2 11. Rd1 Bb4+ 12. Nd2 0-0 13. e3 Nc6 14. Qb3 Qxb3 15. axb3 Na5 16. Bc4 Nxc4 17. bxc4 Rac8 18. Rb1 Rxc4 19. Ke2 Bxd2 20. Kxd2 Rd8+ 21. Ke2 Rc2+ 22. Kf3 Rdd2 23. Rxb7 Rxf2+ 24. Kg3 Rxg2+ 25. Kh3 g5 26. Rxa7 h5 27. Re7 g4+ 28. Kh4 Rxh2+ 29. Rxh2 Rxh2+ 30. Kg5 g3 31. Kh6 Kf8 32. Ra7 g2 33. Ra8+ Ke7 34. Ra7+ Kd6 35. Ra6+ Kc7 36. Ra7+ Kb6 0-1